000 00801nam a2200277 i 4500
001 C2-0249877
003 PPAK
005 20180727213713.0
008 030611s2002 ctua|||| ||||| | eng d
020 _a1567115632
040 _aPPAK
_beng
_cPPAK
_erda
082 0 4 _a973.73092
_223
090 0 0 _a973.73092
_bKIN
_dR
100 1 _aKing, David C.,
_eauthor
245 1 0 _aWilliam T. Sherman
264 1 _aWoodbridge, Connecticut :
_bBlackbirch Press ,
_c2002
300 _a104 pages :
_billustrations ;
_c24 cm
336 _2rdacontent
_atext
337 _2rdamedia
_aunmediated
338 _2rdacarrier
_avolume
490 1 _aThe civil war
500 _aIncludes index
650 1 0 _aSherman, William T., 1820-1891 ; Union Army. Army - Biography
830 0 _aThe civil war
942 _ddc
_cB
999 _c63269
_d63269